00342nam a2200145Ia 4500008004100000041000800041082001700049100001500066245003700081250001200118260002700130300000800157365001600165700001500181230718s9999 xx 000 0 und d aeng a621.388bDHA aDhake A.M. aTelevision And Video Engineering a2nd ed. c2011bTata McGraw Hill a646 cRs.b500.00 aDhake A.M.